| 000 | 00670nam a22002177a 4500 | ||
|---|---|---|---|
| 999 |
_c10701 _d10701 |
||
| 003 | AR-CdUCM | ||
| 008 | 190401b ||||| |||| 00| 0 spa d | ||
| 040 |
_aMUNICIPALIDAD PROVINCIAL DEL CUSCO _cBIBLIOTECA MUNICIPAL DEL CUSCO |
||
| 082 |
_aES / 800 / _bC77 |
||
| 100 |
_aCooper, Fenimore _927689 |
||
| 245 | _aEl Piloto / | ||
| 260 |
_aBarcelona : _bMateu. |
||
| 300 |
_a255 páginas ; _c20cm _bIlustraciones |
||
| 440 |
_aColección Juvenil Cadete _n23 _927690 |
||
| 505 | _aContenido: Novela | ||
| 650 |
_aNovela _9572 |
||
| 650 |
_aLiteratura juvenil _91580 |
||
| 700 |
_aBallester Escalas, R. (adaptación) _927691 |
||
| 942 |
_2ddc _cLIBROS |
||
| 945 | _anom | ||